000 00354cam a2200145ua 4500
003 OSt
008 250423b |||||||| |||| 00| 0 eng d
082 _a624.1517
_bKAN/SU
100 _aKanetkar, T P .
_91395
245 _aSurveying and Levelling
250 _a9 /
260 _aPoona :
_bA V Griha Publication ,
_c2005.
300 _a610 ; .
942 _cBK
999 _c103
_d103